IN VITRO TESTY A ICH VYUŽITIE V TESTOVANÍ TOXICITY ŤAŽKÝCH KOVOV

Bibliographic Details
Main Author: Hurná, Edita (Author)
Format: Article
Language:Slovak

MARC

LEADER 00000naa a2200000uu 4500
001 vtls011093783
003 SK-MaSNL
005 20260302110552.0
008 210824|1998 xo |||||||||||||||||slo|
015 |a SNBRA 
035 |a (urnnbn)urn:nbn:sk:snk:ar-a0cslq 
035 |a (uuid)03006dc4-dd5f-46bf-a42a-10f91ee7eb07 
035 |a urn:nbn:sk:snk-aavy9s 
040 |a SNKBUCL  |b slo  |c SNKBUCL  |e AACR2 
041 0 |a slo 
044 |a xo  |c SK 
100 1 |a Hurná, Edita  |4 aut  |9 782892 
245 1 0 |a IN VITRO TESTY A ICH VYUŽITIE V TESTOVANÍ TOXICITY ŤAŽKÝCH KOVOV  |c Edita HURNÁ 
773 0 |t Priemyselná toxikológia '98 : zborník prác z vedeckej konferencie, Mojmírovce 20.-22. máj 1998  |d Bratislava : Toxikologická sekcia Slovenskej spoločnosti priemyselnej chémie ZSVTS, 1998  |g S. 78-80 
958 |a OND 
958 |a article12 
958 |a chapter 
999 |c 1243913  |d 1245843